000 01322nam a2200349 c 4500
003 BLK
005 20250428145153.0
008 180411b bul|||||r ||||||| ||bul||
010 _aKNG00185513000
020 _a978-619-152-661-1
_bиздат.: Изток-Запад
040 _aBLK
041 _aBUL
_cBUL
072 7 _2bullib
_aН83
_xЧужда художествена литература Н
080 _aАмериканска литература (на САЩ)
_b821.111(73)
_x-31
_z821.111(73)-31
100 1 _aТеру, Пол
_eпърви автор
_9128705
700 _aИванова, Огняна Начева
_d1947-
_9369792
139 _aТеру, Пол
_bТ 53
245 1 0 _aБрегът на москитите
_bРоман
_cПол Теру; прев. от англ. Огняна Начева Иванова.
257 _aUSA
260 София
_bИзток-Запад
_c2015
300 _a432 с.
_c22 см
380 _aX
500 _aОриг. загл. The Mosquito Coast / Paul Theroux.
653 _aромани
659 _aН
852 _aЦб 278601
856 4 _qpdf
_u
856 4 _qpdf
_u
942 _cKNG
_n0
_012
944 _aCR
_c14.12.2015
_lЦветомила Тодорова
_k30576
944 _aED
_c16.01.2017
_lф /
_kЛюдмила_Стоянова
999 _c176882
_d176882